[Event "Challenge"]
[Site "http://www.queenalice.com/game.php?id=164956"]
[Date "2007.2.7"]
[Round "-"]
[White "QueenMary23"]
[Black "cedwik"]
[Result "0-1"]
[WhiteElo "1374"]
[BlackElo "1765"]

1. c4 b6 2. d4 d5 3. e3 Nf6 4. Nf3 Bb7 5. Qa4+ Bc6 6. Qc2 dxc4 7. Bxc4 e6 8. O-O
b5 9. Ne5 bxc4 10. Qxc4 Bd5 11. Qb5+ c6 12. Qb7 c5 13. Qb5+ Nbd7 14. a4 Bd6 15.
Ra3 a6 16. Qd3 Be4 17. Qb3 Bxb1 18. Bd2 Ne4 19. Qd1 Nxe5 20. dxe5 Bxe5 21. Ra1
Nxd2 22. Re1 Bf5 23. f4 Bxb2 24. Ra2 Nc4 25. g4 Be4 26. a5 O-O 27. Ra4 Qh4 28.
Re2 Qxg4+ 29. Kf2 Qg2+ 30. Ke1 Qh1+ 31. Kf2 Qxd1 32. Rxc4 Bd3 33. Rxb2 Bxc4 34.
h4 Qf1+ 35. Kg3 h5 36. Rf2 Qd3 37. f5 Qxe3+ 38. Kg2 Rad8 39. Rc2 Rd2+ 40. Rxd2
Qxd2+ 41. Kf3 Rd8 42. f6 Rd3+ 43. Ke4 Qe3# 0-1

[Event "Bloodsport"]
[Site "http://www.queenalice.com/game.php?id=166328"]
[Date "2007.2.10"]
[Round "2"]
[White "rom_banane"]
[Black "cedwik"]
[Result "1-0"]
[WhiteElo "2102"]
[BlackElo "1769"]

1. Nf3 b6 2. d4 g6 3. d5 Nf6 4. Nc3 e6 5. Bg5 d6 6. e4 e5 7. Bb5+ Bd7 8. Bxd7+
Nbxd7 9. b4 h6 10. Bxf6 Nxf6 11. O-O Nxe4 12. Nxe4 f5 13. Ng3 f4 14. Ne4 g5 15.
Qd3 g4 16. Nc3 gxf3 17. Qg6+ 1-0

[Event "Bloodsport"]
[Site "http://www.queenalice.com/game.php?id=172506"]
[Date "2007.2.22"]
[Round "3"]
[White "cedwik"]
[Black "jojo2017"]
[Result "1/2-1/2"]
[WhiteElo "1765"]
[BlackElo "1130"]

1. e4 e5 2. Nf3 Nc6 3. d4 exd4 4. Nxd4 Qf6 5. Nb5 Bd6 6. c3 Be5 7. Be3 b6 8. Bd3
Nh6 9. h3 Qg6 10. O-O O-O 11. Nd2 d6 12. Nf3 Bxh3 13. Nh4 Qf6 14. Nf5 Bg4 15. f3
Bxf5 16. exf5 Nxf5 17. Bxf5 Qxf5 18. g4 Qg6 19. f4 Qe4 20. Qe2 Bf6 21. Nxc7 Rac8
22. Nb5 Rcd8 23. g5 Be7 24. Rae1 a6 25. Nd4 Rc8 26. Qxa6 Nxd4 27. Bxd4 Qf5 28.
Rxe7 Rce8 29. Rxe8 Rxe8 30. Qxb6 Qg4+ 31. Kh1 Qh3+ 32. Kg1 h6 33. g6 fxg6 34.
Qc7 Qg3+ 35. Kh1 Qh3+ 36. Kg1 Qg3+ 37. Kh1 Qh3+ 38. Kg1 Qg3+ 39. Kh1 1/2-1/2

[Event "Challenge"]
[Site "http://www.queenalice.com/game.php?id=174999"]
[Date "2007.2.28"]
[Round "-"]
[White "cedwik"]
[Black "Tenna"]
[Result "1-0"]
[WhiteElo "1765"]
[BlackElo "1760"]

1. e4 d6 2. d4 Nf6 3. Nc3 g6 4. Nf3 Bg7 5. Bd3 O-O 6. O-O c6 7. b3 b5 8. a4 Qa5
9. e5 Qxc3 10. Rb1 Nd5 11. Bd2 c5 12. Bxb5 cxd4 13. Bxc3 Nxc3 14. Qd3 Nxb1 15.
Rxb1 dxe5 16. Qe4 Bf5 17. Qxa8 Bxc2 18. Rb2 Bf5 19. Qd5 Rc8 20. h3 a6 21. Bc4
Be6 22. Qb7 Bd7 23. Re2 Rd8 24. Nxe5 1-0

[Event "Challenge"]
[Site "http://www.queenalice.com/game.php?id=175000"]
[Date "2007.2.28"]
[Round "-"]
[White "Delferrer"]
[Black "cedwik"]
[Result "0-1"]
[WhiteElo "1555"]
[BlackElo "1783"]

1. e4 e5 2. Nf3 Nc6 3. Nc3 Nf6 4. h3 d6 5. Bb5 a6 6. Ba4 b5 7. Bb3 b4 8. Nd5
Nxe4 9. d3 Nf6 10. Bg5 Be7 11. Bxf6 gxf6 12. Ba4 Qd7 13. Nxb4 Bb7 14. d4 d5 15.
Nxc6 Bxc6 16. Bxc6 Qxc6 17. dxe5 fxe5 18. O-O e4 19. Nd4 Qg6 20. Qe2 Rg8 21. b3
Qxg2# 0-1

[Event "Challenge"]
[Site "http://www.queenalice.com/game.php?id=175104"]
[Date "2007.2.28"]
[Round "-"]
[White "jojo2017"]
[Black "cedwik"]
[Result "1-0"]
[WhiteElo "1192"]
[BlackElo "1765"]

1. e4 Nc6 2. Nf3 e5 3. Bb5 a6 4. Bc4 Nf6 5. Ng5 d5 6. Bb3 h6 7. Nf3 Nxe4 8. d3
Nf6 9. Ba4 d4 10. Qe2 b5 11. Bb3 Bd6 12. Nh4 Ng4 13. g3 Be7 14. Nf3 O-O 15. Nbd2
Bf5 16. h3 Nf6 17. g4 Bh7 18. g5 hxg5 19. Nxg5 Qe8 20. Nde4 Bg6 21. Nxf6+ Bxf6
22. Rg1 Rd8 23. Ne4 Nb4 24. Rxg6 Nd5 25. Bxd5 Rd6 26. Qg4 Qe7 27. Nxd6 Qxd6 28.
Bh6 Rd8 29. Rxg7+ Kf8 30. Rxf7+ Ke8 31. Qg8+ Qf8 32. Qxf8# 1-0

[Event "Challenge"]
[Site "http://www.queenalice.com/game.php?id=175106"]
[Date "2007.2.28"]
[Round "-"]
[White "cedwik"]
[Black "jojo2017"]
[Result "1-0"]
[WhiteElo "1765"]
[BlackElo "1222"]

1. e4 Nf6 2. e5 Nd5 3. d4 e6 4. Nf3 Bb4+ 5. Bd2 Qe7 6. a3 Bxd2+ 7. Qxd2 b6 8.
Nc3 Ba6 9. Bd3 Bb7 10. O-O Nxc3 11. bxc3 Bxf3 12. gxf3 O-O 13. Be4 d5 14. exd6
Qd8 15. dxc7 Qxc7 16. Bxa8 f5 17. f4 Rf6 18. d5 Qd7 19. Rae1 exd5 20. Re5 Qb5
21. Rfe1 Rf8 22. Qxd5+ Qxd5 23. Bxd5+ Kh8 24. Re8 Nd7 25. Rxf8+ Nxf8 26. Re8 h6
27. Rxf8+ Kh7 28. Rxf5 g6 29. Rf7+ Kg8 30. Rxa7+ Kh8 31. c4 b5 32. cxb5 g5 33.
b6 g4 34. b7 1-0

[Event "jojo vs cedwik"]
[Site "http://www.queenalice.com/game.php?id=178186"]
[Date "2007.3.7"]
[Round "-"]
[White "jojo2017"]
[Black "cedwik"]
[Result "1-0"]
[WhiteElo "1339"]
[BlackElo "1780"]

1. e4 e5 2. Nf3 d6 3. Bb5+ Bd7 4. Nc3 Nf6 5. Qe2 a6 6. Bc4 b5 7. Bd5 c6 8. Bb3
c5 9. a3 c4 10. Ba2 g6 11. Ng5 Nc6 12. Nf3 Bh6 13. d3 Nd4 14. Nxd4 exd4 15. e5
cxd3 16. Qxd3 dxe5 17. Bxh6 dxc3 18. Qxc3 Ng4 19. O-O-O Qf6 20. Qd2 Rd8 21. Bg5
Qb6 22. Bxd8 Qxd8 23. Bd5 O-O 24. Qe2 Qe7 25. Rd4 Be6 26. Rd2 Bxd5 27. Qxg4 h5
28. Qg3 Qe6 29. Rhd1 Bf3 30. Qxf3 Qa2 31. c3 Kg7 32. Qe3 f6 33. Rd7+ Kg8 34. Qh6
Qa1+ 35. Kc2 Qxd1+ 36. Kxd1 1-0

[Event "AUTO-OPEN-582"]
[Site "http://www.queenalice.com/game.php?id=178422"]
[Date "2007.3.8"]
[Round "1"]
[White "FKafka"]
[Black "cedwik"]
[Result "0-1"]
[WhiteElo "1100"]
[BlackElo "1790"]

1. g3 e5 2. Bg2 d5 3. Nc3 e4 4. d3 exd3 5. cxd3 Nf6 6. e4 d4 7. e5 Ng4 8. Nd5
Nxe5 9. Bf4 Bd6 10. Qa4+ Nbc6 11. Rc1 Nxd3+ 12. Kd1 Nxc1 13. Kxc1 Bxf4+ 14. Kb1
Bh6 15. Nf3 Qxd5 16. Re1+ Be6 17. h3 O-O 18. g4 d3 19. Rd1 d2 20. Nxd2 Qxg2 21.
Rf1 Bxd2 22. Qc2 Qxf1+ 23. Qc1 Qxc1# 0-1

[Event "AUTO-OPEN-582"]
[Site "http://www.queenalice.com/game.php?id=178423"]
[Date "2007.3.8"]
[Round "1"]
[White "cedwik"]
[Black "FKafka"]
[Result "1-0"]
[WhiteElo "1781"]
[BlackElo "1100"]

1. e4 Nf6 2. e5 Nd5 3. d4 g6 4. Nf3 Nc6 5. Nc3 Ndb4 6. a3 Na6 7. b4 b5 8. d5
Ncb8 9. Bxb5 Bg7 10. O-O Bb7 11. Re1 e6 12. Bg5 f6 13. exf6 Bxf6 14. Bxf6 Qxf6
15. dxe6 Qxc3 16. Bxd7+ Nxd7 17. Qxd7+ Kf8 18. Qf7# 1-0

[Event "AUTO-OPEN-582"]
[Site "http://www.queenalice.com/game.php?id=178442"]
[Date "2007.3.8"]
[Round "1"]
[White "gdan"]
[Black "cedwik"]
[Result "1-0"]
[WhiteElo "1959"]
[BlackElo "1773"]

1. e4 e5 2. Nf3 Nc6 3. Bb5 d6 4. d4 Bd7 5. O-O Nxd4 6. Nxd4 exd4 7. Bxd7+ Qxd7
8. Qxd4 c5 9. Qd3 Nf6 10. Nc3 a6 11. Bg5 Be7 12. Bxf6 gxf6 13. Nd5 Rg8 14. Qf3
Qc6 15. Nxf6+ Bxf6 16. Qxf6 d5 17. Qxc6+ bxc6 18. exd5 cxd5 19. Rfe1+ Kd7 20.
Rad1 Rg5 21. f4 Rf5 22. g3 Kc6 23. Re7 Rg8 24. Kf2 h5 25. Rde1 Rb8 26. b3 h4 27.
Ra7 Kb6 28. Ree7 1-0

[Event "AUTO-OPEN-582"]
[Site "http://www.queenalice.com/game.php?id=178452"]
[Date "2007.3.8"]
[Round "1"]
[White "Fidel_Vive"]
[Black "cedwik"]
[Result "0-1"]
[WhiteElo "1328"]
[BlackElo "1750"]

1. e4 g6 2. Bd3 b6 3. Nf3 Nc6 4. O-O Bg7 5. Nc3 e6 6. Bc4 d6 7. d3 Nd4 8. Bg5
Nxf3+ 9. Qxf3 Qxg5 10. Bb5+ Bd7 11. d4 Qd2 12. e5 Rd8 13. Qb7 Qxc2 14. Rfc1 Qd2
15. Qxc7 Qxd4 16. exd6 Nf6 17. Qxa7 O-O 18. Rd1 Qc5 19. Qa6 Ra8 20. b4 Qxc3 0-1

[Event "AUTO-OPEN-582"]
[Site "http://www.queenalice.com/game.php?id=178453"]
[Date "2007.3.8"]
[Round "1"]
[White "cedwik"]
[Black "Fidel_Vive"]
[Result "1-0"]
[WhiteElo "1752"]
[BlackElo "1295"]

1. e4 e5 2. Nf3 Nf6 3. Nxe5 Bc5 4. Bc4 O-O 5. d3 Nc6 6. Nf3 Re8 7. O-O d5 8.
exd5 Nd4 9. Be3 Qd6 10. Bxd4 Bg4 11. Bxc5 Qxc5 12. Nc3 Qb4 13. Rb1 c6 14. dxc6
bxc6 15. h3 Be6 16. a3 Qb6 17. Bxe6 Rxe6 18. Re1 Rae8 19. Qd2 Nd5 20. Na4 Qd8
21. Nc5 R6e7 22. Rxe7 Rxe7 23. b4 g6 24. c4 Nf6 25. b5 Qb6 26. Qg5 cxb5 27. Rxb5
Qd6 28. Ne4 Qxd3 29. Nxf6+ Kg7 30. Nh5+ Kf8 31. Rb8+ 1-0

[Event "Challenge"]
[Site "http://www.queenalice.com/game.php?id=188651"]
[Date "2007.3.28"]
[Round "-"]
[White "Cedinho"]
[Black "cedwik"]
[Result "0-1"]
[WhiteElo "1207"]
[BlackElo "1769"]

1. e4 Nc6 2. Nf3 e5 3. b3 Nf6 4. g3 Nxe4 5. d3 Nf6 6. Bb2 Bb4+ 7. c3 Be7 8. c4
O-O 9. Nxe5 Bb4+ 10. Nc3 Nxe5 11. a3 Bxc3+ 12. Bxc3 Nc6 13. Rg1 Re8+ 14. Be2 d5
15. g4 Bxg4 16. f3 Bxf3 17. Kf1 Bxe2+ 18. Qxe2 Rxe2 19. Kxe2 d4 20. Ba5 Nxa5 21.
Raf1 Nxb3 22. Rf2 Qe7+ 23. Kf1 Re8 24. Rfg2 Qe1# 0-1

[Event "Cédric vs Cédric"]
[Site "http://www.queenalice.com/game.php?id=188655"]
[Date "2007.3.28"]
[Round "-"]
[White "cedwik"]
[Black "Cedinho"]
[Result "1-0"]
[WhiteElo "1771"]
[BlackElo "1205"]

1. e4 e5 2. Nf3 f6 3. Nc3 Nc6 4. d4 exd4 5. Nxd4 Nh6 6. Nd5 Bb4+ 7. c3 Ba5 8.
Bxh6 gxh6 9. Qh5+ Kf8 10. Qxh6+ Ke8 11. Bc4 Nxd4 12. Nxf6+ Ke7 13. Qg7+ Kd6 14.
e5+ Kc5 15. Ne4+ Kxc4 16. Nd2+ Kc5 17. cxd4+ Kxd4 18. O-O-O Re8 19. Nb3+ Kc4 20.
Qg4+ Kb5 21. Rd5+ Kb6 22. Qd4+ c5 23. Qxc5+ Ka6 24. Qb5# 1-0

[Event "Let's Play Chess!"]
[Site "http://www.queenalice.com/game.php?id=191881"]
[Date "2007.4.4"]
[Round "-"]
[White "cedwik"]
[Black "spawnwolfwolverine"]
[Result "1-0"]
[WhiteElo "1754"]
[BlackElo "1726"]

1. c4 e5 2. Nc3 f5 3. g3 g6 4. Bg2 e4 5. d3 Nf6 6. dxe4 fxe4 7. Nxe4 Nxe4 8.
Bxe4 Bb4+ 9. Bd2 Bxd2+ 10. Qxd2 d6 11. Qe3 Qe7 12. Rc1 Bf5 13. Bxb7 Qxe3 14.
fxe3 Na6 15. Bxa8 Kd7 16. Bb7 Nb4 17. Nf3 Nxa2 18. Rd1 Re8 19. c5 Rxe3 20. Nd4
Be4 21. c6+ Ke7 22. Rf1 Nb4 23. Kf2 Nd5 24. Bc8 Bf5 25. Bxf5 gxf5 26. Nxf5+ Kd8
27. Nxe3 Nxe3 28. Kxe3 h5 29. Rf8+ Ke7 30. Rdf1 Ke6 31. Kd4 a5 32. R1f6+ Ke7 33.
Kd5 h4 34. R6f7# 1-0

[Event "Challenge"]
[Site "http://www.queenalice.com/game.php?id=1631992"]
[Date "2020.11.6"]
[Round "-"]
[White "rom_banane"]
[Black "cedwik"]
[Result "1-0"]
[WhiteElo "1971"]
[BlackElo "1764"]

1. e4 Nc6 2. d4 d5 3. e5 Nxd4 4. Qxd4 Bf5 5. Nc3 c6 6. Nf3 Bxc2 7. Ng5 Nh6 8.
Bf4 e6 9. a3 Nf5 10. Qd2 Qb6 11. Qxc2 Nd4 12. Qb1 Nb3 13. Ra2 Qd4 14. g3 Bc5 15.
Qc2 Bb6 16. Qxb3 Qxf2+ 17. Kd1 Qf3+ 18. Nxf3 1-0

[Event "Challenge"]
[Site "http://www.queenalice.com/game.php?id=1633864"]
[Date "2020.11.22"]
[Round "-"]
[White "cedwik"]
[Black "rom_banane"]
[Result "0-1"]
[WhiteElo "1756"]
[BlackElo "2008"]

1. e4 c5 2. Nf3 Nc6 3. d4 e6 4. Ng5 cxd4 5. Qf3 Ne5 6. Qh3 Nf6 7. Be2 Be7 8. O-O
Qc7 9. Qb3 h6 10. Nh3 Nxe4 11. Bf4 Qc5 12. Na3 g5 13. Bc1 Qb4 0-1